| 000 | 00421nam a22001457a 4500 | ||
|---|---|---|---|
| 005 | 20240708132223.0 | ||
| 008 | 240708b |||||||| |||| 00| 0 eng d | ||
| 020 | _a978-93-85256-30-1 | ||
| 041 | _aeng | ||
| 100 |
_aSINHA, DR. HIMMAT SINGH & RAWAL, NARENDRAJEET SINGH _98455 |
||
| 245 | _aBHARAT KE PRAMUKH VIGYANACHARYA | ||
| 260 |
_aKURUKSHETRA _bVIDYA BHARTI SANSKRITI SHIKSHA SANSTHAN |
||
| 300 | _a96;P | ||
| 942 | _cBK | ||
| 999 |
_c8573 _d8571 |
||